LEADER 01288nam0 22002653i 450 001 SUN0088416 005 20151120101600.498 100 $a20120403d1979 |0itac50 ba 101 $aita 102 $aIT 105 $a|||| ||||| 200 1 $aIntroduzione alla meccanica statistica$elezioni del corso introduzione alla meccanica statistica tenute presso la scuola estiva di fisica matematica dal gruppo nazionale per la fisica matematica$eCatania, 19 settembre-17 ottobre 1977$fErrico Presutti 210 $aRoma$cKLIM$d1979 215 $a73 p.$d24 cm. 410 1$1001SUN0062526$12001 $aQuaderni del Consiglio Nazionale delle Ricerche. Gruppo Nazionale per la Fisica Matematica. 606 $a82-XX$xStatistical mechanics, structure of matter [MSC 2020]$2MF$3SUNC021931 620 $dRoma$3SUNL000360 700 1$aPresutti$b, Errico$3SUNV035521$0322106 712 $aKlim$3SUNV008998$4650 790 1$aPresutti, Enrico$zPresutti, Errico$3SUNV067547 801 $aIT$bSOL$c20210222$gRICA 912 $aSUN0088416 950 $aUFFICIO DI BIBLIOTECA DEL DIPARTIMENTO DI MATEMATICA E FISICA$d08PREST 82-XX 3447 $e08OM 169 I 20120403 $sDeteriorato 996 $aIntroduzione alla meccanica statistica$9380570 997 $aUNICAMPANIA LEADER 01424nam 2200361Ia 450 001 996391234803316 005 20221108031543.0 035 $a(CKB)1000000000667182 035 $a(EEBO)2240925812 035 $a(OCoLC)9920488200971 035 $a(EXLCZ)991000000000667182 100 $a19950918d1603 uy | 101 0 $aeng 135 $aurbn||||a|bb| 200 10$aBy the King$b[electronic resource] $ea proclamation signifying the Kings Maiesties pleasure, touching the resort of people to his coronation 210 $aImprinted at London $cBy Robert Barker, Printer to the Kings most Excellent Maiestie$dAnno 1603 215 $a1 sheet ([1] p.) 300 $aFor precautions against the plague, during the coronation of James I. 300 $aGiuen at our Castle of Windsor, the sixt day of Iuly, 1603. in the first yeere of our Reigne of England, France and Ireland, and of Scotland the six and thirtieth." 300 $aReproduction of original in: Society of Antiquaries. 330 $aeebo-0147 606 $aPlague$zEngland$zLondon 607 $aGreat Britain$xHistory$yJames I, 1603-1625 608 $aBroadsides$zLondon (England)$y17th century.$2rbgenr 615 0$aPlague 701 $aJames$cKing of England,$f1566-1625.$01001019 801 0$bEBK 801 1$bEBK 801 2$bWaOLN 906 $aBOOK 912 $a996391234803316 996 $aBy the King$92299281 997 $aUNISA